Využitie simulačných modelov pri riadení projektov diplomová práca

Enregistré dans:
Détails bibliographiques
Auteur principal: Kudla, Martin
Collectivité auteur: Fakulta hospodárskej informatiky EU. Katedra operačného výskumu a ekonometrie
Autres auteurs: Reiff, Marian, 1978-
Format: Livre
Langue:slovaque
Publié: Bratislava 2025
Tags: Ajouter un tag
Pas de tags, Soyez le premier à ajouter un tag!

MARC

LEADER 00000nbm a2200000 4500
001 0310524
005 20251201130109.2
041 0 |a slo 
044 |a SK 
245 1 0 |a Využitie simulačných modelov pri riadení projektov  |b diplomová práca  |c Martin Kudla ; školiteľ: Marian Reiff 
264 1 |a Bratislava  |c 2025 
300 |a 92 s. 
100 1 |a Kudla, Martin 
700 1 |a Reiff, Marian, 1978- 
710 2 |a Fakulta hospodárskej informatiky EU. Katedra operačného výskumu a ekonometrie